[Event "56.SMM ASD Arci BZ-Brixen/Milland"]
[Site "Bolzano, Italy"]
[Date "2025.01.25"]
[Round "6.5"]
[White "Ellemund, Gabriel"]
[Black "Saroldi, Giacomo"]
[Result "1-0"]
[WhiteElo "1834"]
[BlackElo "1885"]
[PlyCount "95"]
[EventDate "2025.??.??"]

{[%evp 0,95,29,13,20,16,46,54,55,33,22,26,60,64,68,48,24,36,30,4,24,-2,-3,-3,28,22,18,18,32,32,35,39,39,34,49,37,31,37,54,37,41,34,71,47,63,74,54,63,73,58,63,70,64,73,71,67,73,25,15,24,31,8,54,46,10,22,98,119,109,104,144,130,182,205,435,210,346,320,408,228,225,245,388,370,735,765,982,992,992,992,1022,982,972,992,992,992,1012,1012]} 1. d4 d5 2. Bf4 c5 3. e3 Nc6 4. c3 Qb6 5. Qb3 Bg4 6. Nd2 e6 7. Ngf3 c4 8. Qxb6 axb6 9. Be2 Nf6 10. O-O Ne4 11. Rfe1 Nxd2 12. Nxd2 Bxe2 13. Rxe2 Kd7 14. e4 Bd6 15. Bxd6 Kxd6 16. a3 b5 17. Rae1 Ne7 18. f4 b6 19. g3 g6 20. Nf3 h6 21. Ne5 Rhf8 22. exd5 Nxd5 23. Nxf7+ Rxf7 24. Rxe6+ Kd7 25. Rxg6 Rf6 26. Rxf6 Nxf6 27. Re5 b4 28. cxb4 c3 29. bxc3 Rxa3 30. c4 Rd3 31. d5 b5 32. cxb5 Rxd5 33. Rxd5+ Nxd5 34. Kf2 Nxb4 35. g4 Kd6 36. g5 Nd5 37. Kf3 hxg5 38. fxg5 Ke5 39. h3 Kf5 40. h4 Nb6 41. Ke3 Kg4 42. g6 Kh5 43. g7 Nd5+ 44. Kd4 Ne7 45. b6 Kh6 46. g8=N+ Nxg8 47. b7 Ne7 48. Kc5 1-0

[Event "56.SMM B ASD Arci Scacchi 3-SC Taufers"]
[Site "?"]
[Date "2025.01.25"]
[Round "6.3"]
[White "Forer, Erich"]
[Black "Terletzkyi, Oleh Mycola"]
[Result "0-1"]
[WhiteElo "1885"]
[BlackElo "1730"]
[PlyCount "70"]
[EventDate "2025.??.??"]

{[%evp 0,70,35,22,69,43,46,40,40,43,40,28,28,28,19,27,46,33,33,-5,18,14,36,22,25,-6,22,11,17,-7,-3,2,2,-17,-8,-23,36,38,49,54,47,33,217,184,191,191,233,11,-27,-51,-19,-70,-12,-116,-116,-105,-42,-58,-58,-152,-152,-165,109,0,0,0,43,53,21,50,6,-335,-343]} 1. d4 g6 2. Nf3 Nf6 3. c4 Bg7 4. Nc3 O-O 5. Bf4 d6 6. h3 Nc6 7. e3 Nd7 8. Be2 e5 9. Bh2 f5 10. O-O h6 11. Rb1 a5 12. Nd5 e4 13. Nd2 Nf6 14. a3 Nxd5 15. cxd5 Ne7 16. Bc4 g5 17. Qc2 Ng6 18. Rbc1 Rf7 19. Be2 Qf6 20. Bh5 b6 21. Qc6 Rb8 22. Qe8+ Kh7 23. Nc4 Rf8 24. Qc6 Ba6 25. b3 Rf7 26. Bxg6+ Qxg6 27. Rfe1 Bxc4 28. bxc4 f4 29. c5 g4 30. hxg4 f3 31. cxd6 Qxg4 32. Bg3 cxd6 33. Qxd6 Rbf8 34. Qe6 Rf5 35. Rc6 fxg2 0-1

[Event "56.SMM B ASD Arci Scacchi 3-SC Taufers"]
[Site "?"]
[Date "2025.01.25"]
[Round "6.4"]
[White "Feichter, Matthias"]
[Black "Haidacher, Gerold"]
[Result "0-1"]
[WhiteElo "1731"]
[BlackElo "1853"]
[PlyCount "62"]
[EventDate "2025.??.??"]

{[%evp 0,62,35,35,56,49,44,38,28,11,77,74,81,47,85,66,60,37,39,-5,5,11,1,-17,-16,0,-21,-13,-13,-9,-31,-38,-11,-33,-4,8,17,-13,1,-19,-11,-33,21,-77,-69,-67,-61,-52,0,-39,0,0,0,-77,-85,-81,-66,-122,-69,-61,-71,-240,-165,-911,-938]} 1. e4 c5 2. Nf3 e6 3. d4 cxd4 4. Nxd4 a6 5. Nc3 Qc7 6. Be3 Nf6 7. a3 b5 8. Bd3 Bb7 9. f3 Bc5 10. Qd2 O-O 11. O-O-O d5 12. exd5 Nxd5 13. Nxd5 Bxd5 14. Kb1 Nd7 15. h4 Rfc8 16. h5 Qb6 17. c3 Ne5 18. h6 g6 19. Be2 Nc4 20. Bxc4 Bxc4 21. b4 Bf8 22. Nb3 Qc7 23. Nc5 Bd5 24. Qd4 Rd8 25. Qf6 Qe7 26. Qe5 f6 27. Qf4 Qf7 28. Qg3 Bd6 29. Qf2 a5 30. Kb2 axb4 31. axb4 Ra2+ 0-1

[Event "56.SMM B Klausen/Rk 2-Richter/Lask 2"]
[Site "?"]
[Date "2025.01.25"]
[Round "6.2"]
[White "Schrott, Johann"]
[Black "Pangrazzi, Marco"]
[Result "1-0"]
[WhiteElo "1860"]
[BlackElo "2169"]
[PlyCount "88"]
[EventDate "2024.11.09"]

{[%evp 0,88,15,34,51,43,48,17,30,30,50,22,61,-16,-2,-16,-37,-18,-43,-33,-22,-49,-54,-27,9,47,45,31,63,44,27,25,30,16,18,10,0,16,36,35,72,72,135,73,48,46,54,23,0,0,433,433,418,277,253,135,143,143,194,186,186,186,226,242,238,248,248,228,228,215,214,220,261,221,348,344,349,305,319,320,322,308,306,285,306,214,301,229,344,316,437]} 1. e4 c5 2. Nf3 Nc6 3. d4 cxd4 4. Nxd4 Nf6 5. Nc3 e5 6. Nb3 Bb4 7. Bd3 d5 8. exd5 Nxd5 9. Bd2 O-O 10. Nxd5 Qxd5 11. O-O Be7 12. Qe2 Be6 13. Rad1 Qd7 14. Bc3 Qc7 15. Rfe1 g6 16. a3 Rac8 17. Be4 f6 18. h4 Rf7 19. h5 Kg7 20. Qf3 Nd8 21. Qg3 g5 22. h6+ Kg8 23. Qd3 Bf8 24. Bxh7+ Kh8 25. Qg6 Rd7 26. Qxf6+ Kxh7 27. Bxe5 Rxd1 28. Rxd1 Qe7 29. Qh8+ Kg6 30. Bd6 Qf6 31. Qxf6+ Kxf6 32. Bxf8 Nf7 33. Bg7+ Kg6 34. Nd4 Bd7 35. c3 b5 36. Re1 a5 37. Re7 Rd8 38. Ne6 Bxe6 39. Rxe6+ Kh7 40. Rb6 Rd5 41. Rb7 Kg6 42. Kf1 g4 43. Ke2 Ng5 44. Re7 Kf5 1-0

[Event "56.SMM B Klausen/Rk 2-Richter/Lask 2"]
[Site "?"]
[Date "2025.01.25"]
[Round "6.5"]
[White "Kowalczyk, Martin"]
[Black "Blasbichler, Robert"]
[Result "0-1"]
[WhiteElo "1825"]
[BlackElo "1778"]
[PlyCount "62"]
[EventDate "2024.11.09"]

{[%evp 0,62,22,26,48,40,40,35,69,74,74,52,50,34,38,10,10,8,0,-12,4,4,4,0,0,0,143,143,143,9,21,19,21,-26,-47,-5,-23,-16,-21,-57,-62,-106,-94,-135,-152,-146,-143,-178,-173,-195,-183,-222,-217,-224,-204,-299,-272,-284,-267,-290,-286,-345,-327,-757,-926]} 1. e4 {[%emt 0:00:00]} c5 2. Nf3 e6 3. b3 Be7 4. Bb2 Nf6 5. e5 Nd5 6. Nc3 Nxc3 7. Bxc3 O-O 8. Bd3 Nc6 9. h4 f5 10. exf6 Bxf6 11. Ng5 h6 12. Qh5 Qe8 13. Bg6 Qe7 14. Nh7 Bxc3 15. dxc3 Rf5 16. Bxf5 exf5+ 17. Kf1 Kxh7 18. Qxf5+ g6 19. Qf4 d6 20. Re1 Ne5 21. h5 g5 22. Qe4+ Kg7 23. Re3 Qf7 24. Rg3 Be6 25. Ke1 Rf8 26. Qe2 Qf4 27. Re3 Bd5 28. Rg1 Qh2 29. Qf1 Qxh5 30. Rh1 Qg4 31. Reh3 Bxg2 0-1

[Event "56.SMM B Steinegg/RK-Sparkasse Team"]
[Site "Shredder fur iPad"]
[Date "2025.01.25"]
[Round "6.1"]
[White "Stivalletta Andrea"]
[Black "Engl Stefan"]
[Result "0-1"]
[WhiteElo "1733"]
[BlackElo "2004"]
[PlyCount "56"]
[EventDate "2025.??.??"]

{[%evp 0,56,19,31,47,23,50,7,37,-12,1,11,19,38,52,42,44,35,27,21,14,10,-6,-10,12,-18,-7,-17,-27,-6,5,10,7,14,8,30,87,89,94,94,93,24,24,-85,-81,-59,-47,-47,-33,-418,-730,-780,-790,-1106,-579,-579,-591,-29997,-29998]} 1. e4 e6 2. d4 d5 3. exd5 exd5 4. Bd3 Nc6 5. Nf3 Bg4 6. c3 Bd6 7. O-O Nge7 8. Be3 Qd7 9. Nbd2 O-O-O 10. b4 Nf5 11. b5 Nce7 12. Qa4 Kb8 13. Rfe1 f6 14. h3 Bxf3 15. Nxf3 Nxe3 16. Rxe3 g5 17. Rae1 Nf5 18. Re6 Nh4 19. Nxh4 gxh4 20. Rxf6 Rhg8 21. Rfe6 Qg7 22. Bf1 Qg5 23. Qc2 Qf4 24. Bd3 Qh2+ 25. Kf1 Rxg2 26. Rf6 Qg1+ 27. Ke2 Re8+ 28. Kf3 Rg3+ 0-1

[Event "56.SMM B Steinegg/RK-Sparkasse Team"]
[Site "Shredder fur iPad"]
[Date "2025.02.25"]
[Round "6.3"]
[White "Spornberger, Paul"]
[Black "Engl, Alexander"]
[Result "0-1"]
[WhiteElo "1683"]
[BlackElo "1906"]
[PlyCount "56"]
[EventDate "2025.??.??"]

{[%evp 0,56,37,21,31,-16,44,44,38,5,44,41,22,10,1,1,-11,-11,-24,-39,-1,-2,-3,-7,-10,-53,-60,-109,-93,-301,-346,-346,-328,-333,-319,-337,-331,-337,-337,-338,-307,-340,-347,-330,-354,-395,-326,-444,-435,-440,-443,-471,-443,-452,-387,-574,-572,-683,-672]} 1. d4 e6 2. c4 f5 3. Nf3 Nf6 4. Bg5 Bb4+ 5. Nc3 O-O 6. a3 Bxc3+ 7. bxc3 b6 8. e3 Bb7 9. Be2 h6 10. Bxf6 Qxf6 11. O-O d6 12. Qd2 Nd7 13. d5 e5 14. Bd3 e4 15. Nd4 exd3 16. Qxd3 Ne5 17. Qe2 Ba6 18. Nb5 Bxb5 19. cxb5 Qh4 20. h3 Rae8 21. Rad1 Qa4 22. f4 Qc4 23. Qc2 Nd7 24. Rd4 Qxb5 25. Rb1 Qc5 26. Qc1 b5 27. Kf1 Nb6 28. Rdb4 a6 0-1

[Event "56.SMM B ASD Arci BZ 2-SSV Naturns"]
[Site "Bolzano"]
[Date "2025.01.25"]
[Round "6.2"]
[White "Rinaldo, Gaetano"]
[Black "Gurschler, Gregor"]
[Result "1-0"]
[WhiteElo "1791"]
[BlackElo "1833"]
[PlyCount "137"]
[EventDate "2025.??.??"]

{[%evp 0,137,31,28,29,4,37,-4,28,-40,11,11,11,16,23,7,13,5,17,19,25,20,72,52,64,53,68,25,87,65,67,67,83,53,66,61,62,82,95,92,236,236,236,84,100,106,103,103,103,103,110,105,106,56,99,92,92,66,66,71,71,65,281,281,737,737,766,262,257,275,375,397,433,387,372,256,258,260,285,282,333,281,280,0,0,0,0,0,0,0,0,0,1002,1016,1016,1016,1016,1016,1022,1022,1022,1022,1032,1032,1032,1032,1032,27024,29967,29968,29969,29972,29973,29966,29967,29966,29967,29968,29969,29970,29975,29976,29977,29980,29981,29978,29979,29982,29991,29988,29989,29990,29991,29992,29995,29996,29997,29994,29995,29996]} 1. Nf3 Nf6 2. g3 c6 3. c4 d5 4. b3 e6 5. Bg2 Nbd7 6. O-O Be7 7. e3 O-O 8. d3 Re8 9. Bb2 Qc7 10. Nbd2 e5 11. Qc2 Bd6 12. a3 a5 13. cxd5 Nxd5 14. d4 exd4 15. Nxd4 N7f6 16. Nc4 Bf8 17. Rfe1 Bg4 18. h3 Bd7 19. e4 Ne7 20. e5 Nfd5 21. e6 fxe6 22. Nxe6 Bxe6 23. Rxe6 Ng6 24. Rae1 Rxe6 25. Rxe6 Rd8 26. Qe2 b5 27. Ne5 Nxe5 28. Bxe5 Qd7 29. Bb2 Bc5 30. Kh2 Bxf2 31. Bxd5 cxd5 32. Re7 Bxg3+ 33. Kxg3 Qd6+ 34. Kg2 d4 35. Re8+ Kf7 36. Rxd8 Qxd8 37. Qf2+ Kg8 38. Qxd4 Qg5+ 39. Kh2 h5 40. Qe5 Qg6 41. Qxg7+ Qxg7 42. Bxg7 Kxg7 43. Kg3 Kh6 44. Kf4 Kg6 45. b4 axb4 46. axb4 Kf6 47. h4 Ke6 48. Kg5 Kd5 49. Kxh5 Kc4 50. Kg5 Kxb4 51. h5 Ka3 52. h6 b4 53. h7 b3 54. h8=Q b2 55. Qc3+ Ka2 56. Qa5+ Kb3 57. Qd5+ Kc2 58. Qc4+ Kd2 59. Qb3 Kc1 60. Qc3+ Kb1 61. Kf4 Ka2 62. Qc4+ Ka3 63. Qc2 Ka2 64. Qa4+ Kb1 65. Ke3 Kc1 66. Qc4+ Kd1 67. Qc3 b1=N 68. Qb3+ Kc1 69. Kd3 1-0

[Event "56.SMM B ASD Arci BZ 2-SSV Naturns"]
[Site "Bozen"]
[Date "2025.01.25"]
[Round "6.3"]
[White "Nägele, Raimund"]
[Black "Pichler, Klaus"]
[Result "0-1"]
[WhiteElo "1758"]
[BlackElo "1818"]
[PlyCount "48"]
[EventDate "2025.??.??"]
[TimeControl "60/120:0"]

{[%evp 0,48,36,23,18,28,29,26,21,14,16,14,19,-12,20,11,21,-13,7,-13,-4,-23,-13,-16,-9,-17,-22,-19,-1,-1,-11,8,1,1,12,-26,-50,-38,-5,-28,-25,-9,-35,-94,-95,-93,-100,-218,-146,-759,-1093]} 1. d4 Nf6 2. Nf3 e6 3. g3 b6 4. Bg2 Bb7 5. O-O Be7 6. b3 d6 7. Bb2 c5 8. c3 O-O 9. Nbd2 Qd7 10. Qc2 cxd4 11. cxd4 Rc8 12. Qb1 Qb5 13. e4 Nbd7 14. e5 Nd5 15. Nc4 dxe5 16. dxe5 Nc5 17. Nd6 Bxd6 18. exd6 Rd8 19. Rd1 f6 20. Nd4 Qe8 21. Re1 Rxd6 22. Bh3 Nb4 23. Bf1 Rad8 24. Nb5 Qc6 0-1